[Event "MCR druzstev mladsich zaku 2015"]
[Site "Hradec Kralove"]
[Date "2015.06.13"]
[Round "3.13"]
[White "Hlozek (PORG), David"]
[Black "Nemec (Kurim), David"]
[Result "0-1"]
[BlackElo "1556"]
[WhiteElo "1530"]
[LiveChessVersion "1.4.4"]

1. e4 {[%clk 0:25:17]} d6 {[%clk 0:25:19]} 2. Nf3 {[%clk 0:25:18]} Nf6
{[%clk 0:25:21]} 3. Nc3 {[%clk 0:25:06]} e5 {[%clk 0:24:56]} 4. d4
{[%clk 0:24:26]} Nbd7 {[%clk 0:24:42]} 5. dxe5 {[%clk 0:23:56]} dxe5
{[%clk 0:24:38]} 6. Bd3 {[%clk 0:22:56]} Be7 {[%clk 0:23:50]} 7. O-O
{[%clk 0:22:28]} O-O {[%clk 0:23:42]} 8. b3 {[%clk 0:21:01]} c6 {[%clk 0:21:55]}
9. Bb2 {[%clk 0:19:34]} Qc7 {[%clk 0:21:03]} 10. Qe2 {[%clk 0:17:40]} Bd6
{[%clk 0:17:58]} 11. Rfe1 {[%clk 0:13:21]} Nc5 {[%clk 0:16:58]} 12. a3
{[%clk 0:11:21]} Bg4 {[%clk 0:15:54]} 13. Nd1 {[%clk 0:06:39]} Ne6
{[%clk 0:12:15]} 14. Ne3 {[%clk 0:05:28]} Nd4 {[%clk 0:08:46]} 15. Bxd4
{[%clk 0:05:13]} Bxf3 {[%clk 0:08:52]} 16. Qxf3 {[%clk 0:05:03]} exd4
{[%clk 0:08:55]} 17. Nf5 {[%clk 0:04:23]} Bxh2+ {[%clk 0:08:43]} 18. Kh1
{[%clk 0:03:53]} Be5 {[%clk 0:08:31]} 19. g3 {[%clk 0:03:02]} b5 {[%clk 0:05:59]}
20. Qg2 {[%clk 0:02:41]} c5 {[%clk 0:05:36]} 21. f4 {[%clk 0:02:47]} g6
{[%clk 0:04:48]} 22. fxe5 {[%clk 0:02:35]} Qxe5 {[%clk 0:04:46]} 23. Nh4
{[%clk 0:02:27]} Ng4 24. Nf3 {[%clk 0:02:22]} Qe8 {[%clk 0:04:52]} 25. Kg1
{[%clk 0:01:52]} Ne3 {[%clk 0:04:46]} 26. Qh3 {[%clk 0:01:55]} c4
{[%clk 0:04:55]} 27. Ng5 {[%clk 0:01:47]} h5 {[%clk 0:05:04]} 28. Be2
{[%clk 0:01:49]} Qe7 {[%clk 0:05:05]} 29. Nf3 {[%clk 0:01:43]} Nxc2
{[%clk 0:05:11]} 30. bxc4 {[%clk 0:01:37]} Nxa1 {[%clk 0:04:57]} 31. Rxa1
{[%clk 0:01:46]} Qxe4 {[%clk 0:05:04]} 32. Qh2 {[%clk 0:01:36]} d3
{[%clk 0:05:13]} 33. Bd1 {[%clk 0:01:36]} bxc4 {[%clk 0:05:17]} 34. Qd2
{[%clk 0:01:33]} Rac8 {[%clk 0:05:14]} 35. Qh6 {[%clk 0:01:21]} c3
{[%clk 0:05:19]} 36. Ng5 {[%clk 0:01:09]} Qd4+ {[%clk 0:05:29]} 37. Kh2
{[%clk 0:01:10]} Qg7 {[%clk 0:05:37]} 38. Qxg7+ {[%clk 0:01:17]} Kxg7
{[%clk 0:05:46]} 39. Rc1 {[%clk 0:01:12]} c2 {[%clk 0:05:52]} 40. Bxc2
{[%clk 0:01:17]} Rxc2+ {[%clk 0:06:02]} 41. Rxc2 dxc2 42. Ne6+ {[%clk 0:01:32]}
fxe6 43. a4 c1=Q {[%clk 0:06:27]} 44. g4 {[%clk 0:01:51]} Qf4+ {[%clk 0:06:36]}
45. Kh3 {[%clk 0:01:59]} Qxg4+ {[%clk 0:06:43]} 46. Kh2 {[%clk 0:02:07]} Rf2+
{[%clk 0:06:52]} 47. Kh1 {[%clk 0:02:16]} Qg2# {[%clk 0:06:51]} 0-1

[Event "MCR druzstev mladsich zaku 2015"]
[Site "Hradec Kralove"]
[Date "2015.06.13"]
[Round "3.14"]
[White "Tajovsky (Kurim), Matej"]
[Black "Suran (PORG), Jan"]
[Result "1-0"]
[BlackElo "1709"]
[WhiteElo "1643"]
[LiveChessVersion "1.4.4"]

1. e4 {[%clk 0:25:14]} e5 {[%clk 0:25:19]} 2. Nf3 {[%clk 0:25:19]} Nc6
{[%clk 0:25:20]} 3. d4 {[%clk 0:25:18]} exd4 {[%clk 0:25:25]} 4. Nxd4
{[%clk 0:25:24]} Qh4 {[%clk 0:25:30]} 5. Nc3 {[%clk 0:24:40]} Bb4
{[%clk 0:25:32]} 6. Ndb5 {[%clk 0:24:11]} Qxe4+ {[%clk 0:25:18]} 7. Be2
{[%clk 0:24:01]} Bxc3+ {[%clk 0:25:06]} 8. bxc3 {[%clk 0:22:22]} Kd8
{[%clk 0:23:48]} 9. O-O {[%clk 0:19:58]} a6 {[%clk 0:22:49]} 10. Nd4
{[%clk 0:18:51]} Nxd4 {[%clk 0:21:54]} 11. cxd4 {[%clk 0:16:58]} Nf6
{[%clk 0:19:52]} 12. Re1 {[%clk 0:15:41]} Re8 {[%clk 0:19:16]} 13. Bg5
{[%clk 0:14:45]} h6 {[%clk 0:18:25]} 14. Bxf6+ {[%clk 0:12:53]} gxf6
{[%clk 0:18:31]} 15. Bh5 {[%clk 0:11:59]} Qd5 {[%clk 0:16:36]} 16. Qg4
{[%clk 0:09:45]} Qg5 {[%clk 0:15:06]} 17. Rxe8+ {[%clk 0:08:41]} Kxe8
{[%clk 0:15:11]} 18. Qe2+ {[%clk 0:08:30]} Kf8 {[%clk 0:15:00]} 19. Re1
{[%clk 0:08:00]} Kg7 {[%clk 0:15:01]} 20. Qf3 {[%clk 0:07:07]} d6
{[%clk 0:14:28]} 21. h4 {[%clk 0:06:34]} Qxh4 {[%clk 0:13:42]} 22. Re7
{[%clk 0:06:02]} Qxd4 {[%clk 0:11:54]} 23. Rxf7+ {[%clk 0:05:00]} Kh8
{[%clk 0:11:51]} 24. Qg3 {[%clk 0:04:29]} Qa1+ {[%clk 0:11:39]} 25. Kh2
{[%clk 0:04:21]} Qe5 {[%clk 0:11:29]} 26. Rf8+ {[%clk 0:03:16]} Kh7
{[%clk 0:11:24]} 27. Qxe5 {[%clk 0:03:11]} dxe5 {[%clk 0:10:34]} 28. Bg4
{[%clk 0:03:12]} f5 {[%clk 0:10:05]} 29. Bxf5+ {[%clk 0:03:03]} Bxf5
{[%clk 0:10:01]} 30. Rxa8 {[%clk 0:03:09]} Bxc2 {[%clk 0:10:04]} 31. Rc8
{[%clk 0:03:11]} Be4 {[%clk 0:09:20]} 32. Rxc7+ {[%clk 0:03:11]} Kg6
{[%clk 0:09:19]} 33. Kg3 {[%clk 0:03:02]} Bc6 {[%clk 0:08:59]} 34. Re7
{[%clk 0:03:01]} e4 {[%clk 0:08:55]} 35. Kg4 {[%clk 0:02:31]} Bd5
{[%clk 0:08:33]} 36. a3 {[%clk 0:02:22]} Kf6 {[%clk 0:08:13]} 37. Re8
{[%clk 0:02:17]} Be6+ {[%clk 0:07:52]} 38. Kf4 {[%clk 0:02:23]} Bd5
{[%clk 0:07:56]} 39. Rh8 {[%clk 0:02:17]} Kg7 {[%clk 0:07:57]} 40. Rd8
{[%clk 0:01:58]} Bc6 {[%clk 0:07:59]} 41. Rd6 {[%clk 0:01:39]} Kh7
{[%clk 0:07:51]} 42. Rxc6 {[%clk 0:01:36]} bxc6 {[%clk 0:07:48]} 43. Kxe4
{[%clk 0:01:44]} Kg6 {[%clk 0:07:51]} 44. Ke5 {[%clk 0:01:50]} Kf7
{[%clk 0:07:52]} 45. Kd6 {[%clk 0:01:52]} Kf6 {[%clk 0:07:53]} 46. Kxc6
{[%clk 0:01:57]} Ke5 {[%clk 0:07:51]} 47. Kb6 {[%clk 0:02:03]} Kf4
{[%clk 0:07:52]} 48. Kxa6 {[%clk 0:02:09]} h5 {[%clk 0:07:59]} 49. Kb6
{[%clk 0:02:14]} h4 {[%clk 0:08:06]} 50. a4 {[%clk 0:02:20]} 1-0

[Event "MCR druzstev mladsich zaku 2015"]
[Site "Hradec Kralove"]
[Date "2015.06.13"]
[Round "3.15"]
[White "Ruzicka (PORG), Filip"]
[Black "Richterova (Kurim), Julie"]
[Result "0-1"]
[BlackElo "1422"]
[WhiteElo "1331"]
[LiveChessVersion "1.4.4"]

1. c4 {[%clk 0:25:18]} e5 {[%clk 0:25:19]} 2. d3 {[%clk 0:25:21]} Nc6
{[%clk 0:25:17]} 3. Nf3 {[%clk 0:25:26]} Bb4+ {[%clk 0:25:23]} 4. Bd2 Bxd2+
{[%clk 0:25:16]} 5. Qxd2 {[%clk 0:25:37]} d6 {[%clk 0:25:14]} 6. e3
{[%clk 0:25:35]} Nf6 {[%clk 0:25:03]} 7. Be2 {[%clk 0:25:28]} O-O
{[%clk 0:24:42]} 8. O-O {[%clk 0:25:29]} Re8 {[%clk 0:24:13]} 9. Nc3
{[%clk 0:25:29]} Bg4 {[%clk 0:23:12]} 10. h3 {[%clk 0:25:21]} Bh5
{[%clk 0:22:58]} 11. d4 {[%clk 0:23:39]} e4 {[%clk 0:21:02]} 12. Ne1
{[%clk 0:23:12]} Bxe2 {[%clk 0:20:44]} 13. Qxe2 {[%clk 0:23:14]} d5
{[%clk 0:19:58]} 14. cxd5 {[%clk 0:23:07]} Nxd5 {[%clk 0:19:55]} 15. Qg4
{[%clk 0:23:02]} Nf6 {[%clk 0:17:57]} 16. Qd1 {[%clk 0:21:03]} Qd7
{[%clk 0:16:49]} 17. Qb3 {[%clk 0:19:49]} a6 {[%clk 0:14:23]} 18. Nc2
{[%clk 0:19:48]} Ne7 {[%clk 0:11:42]} 19. Rac1 {[%clk 0:18:55]} Ned5
{[%clk 0:10:57]} 20. Nxd5 {[%clk 0:18:32]} Nxd5 {[%clk 0:10:19]} 21. Nb4
{[%clk 0:17:29]} Nxb4 {[%clk 0:09:37]} 22. Qxb4 {[%clk 0:17:22]} c6
{[%clk 0:09:13]} 23. Rc5 {[%clk 0:16:41]} Qe7 {[%clk 0:07:50]} 24. Qb3
{[%clk 0:15:54]} Rad8 {[%clk 0:06:12]} 25. Re5 {[%clk 0:15:40]} Qc7
{[%clk 0:06:05]} 26. Rxe8+ {[%clk 0:14:47]} Rxe8 {[%clk 0:06:13]} 27. Rc1
{[%clk 0:13:31]} Re6 {[%clk 0:05:06]} 28. Rc4 {[%clk 0:10:56]} Qd7
{[%clk 0:04:26]} 29. Qa4 {[%clk 0:08:44]} b5 {[%clk 0:03:37]} 0-1

[Event "MCR druzstev mladsich zaku 2015"]
[Site "Hradec Kralove"]
[Date "2015.06.13"]
[Round "3.16"]
[White "Petricek (Kurim), Lukas"]
[Black "Volek (PORG), Jan Matous"]
[Result "1-0"]
[BlackElo "1312"]
[WhiteElo "1441"]
[LiveChessVersion "1.4.4"]

1. e4 {[%clk 0:25:18]} e5 {[%clk 0:25:16]} 2. Nf3 {[%clk 0:25:21]} Nc6
{[%clk 0:25:12]} 3. d4 {[%clk 0:25:28]} d6 4. Bb5 Bd7 {[%clk 0:23:58]} 5. O-O
{[%clk 0:24:34]} Qe7 {[%clk 0:23:52]} 6. Re1 {[%clk 0:24:06]} O-O-O
{[%clk 0:24:00]} 7. d5 {[%clk 0:23:59]} Na5 {[%clk 0:23:32]} 8. Bxd7+
{[%clk 0:23:26]} Qxd7 {[%clk 0:23:31]} 9. Qd3 {[%clk 0:22:27]} Nf6
{[%clk 0:22:54]} 10. b4 {[%clk 0:21:57]} Qa4 {[%clk 0:20:59]} 11. bxa5
{[%clk 0:21:52]} Qxa5 {[%clk 0:20:58]} 12. Bd2 {[%clk 0:20:55]} Qb6
{[%clk 0:20:39]} 13. Qb3 {[%clk 0:20:31]} Qa6 {[%clk 0:20:11]} 14. Nc3
{[%clk 0:19:53]} Be7 {[%clk 0:18:41]} 15. Rab1 {[%clk 0:19:47]} b6
{[%clk 0:18:09]} 16. Qb5 {[%clk 0:19:19]} Qa3 {[%clk 0:16:46]} 17. Rb3
{[%clk 0:18:59]} Qc5 {[%clk 0:15:42]} 18. Qa6+ {[%clk 0:18:46]} Kb8
{[%clk 0:15:15]} 19. Nb5 {[%clk 0:18:18]} Qxc2 {[%clk 0:13:25]} 20. Rc3
{[%clk 0:18:12]} Qxe4 {[%clk 0:09:11]} 21. Qxa7+ {[%clk 0:18:17]} Kc8
{[%clk 0:08:45]} 22. Qxc7# {[%clk 0:18:17]} 1-0

[Event "MCR druzstev mladsich zaku 2015"]
[Site "Hradec Kralove"]
[Date "2015.06.13"]
[Round "3.17"]
[White "Rous (PORG), Dominik"]
[Black "Kriz (Kurim), Tomas"]
[Result "1/2-1/2"]
[BlackElo "1477"]
[WhiteElo "1246"]
[LiveChessVersion "1.4.4"]

1. e4 {[%clk 0:25:13]} c5 {[%clk 0:25:12]} 2. Nc3 {[%clk 0:24:46]} d6
{[%clk 0:24:42]} 3. Nf3 {[%clk 0:23:07]} Nc6 {[%clk 0:24:27]} 4. Bc4
{[%clk 0:21:41]} Nf6 {[%clk 0:23:57]} 5. d4 {[%clk 0:21:02]} cxd4
{[%clk 0:22:56]} 6. Nxd4 {[%clk 0:21:02]} Bd7 {[%clk 0:21:53]} 7. Be3 g6
{[%clk 0:20:06]} 8. f3 {[%clk 0:16:49]} Bg7 {[%clk 0:19:09]} 9. O-O
{[%clk 0:15:54]} O-O {[%clk 0:18:35]} 10. Qd2 {[%clk 0:14:53]} Re8
{[%clk 0:16:59]} 11. Nce2 {[%clk 0:13:23]} a6 {[%clk 0:15:25]} 12. Nxc6
{[%clk 0:13:27]} Bxc6 {[%clk 0:15:05]} 13. Nd4 {[%clk 0:13:29]} Bd7
{[%clk 0:13:29]} 14. Bd5 {[%clk 0:13:03]} Nxd5 {[%clk 0:11:40]} 15. exd5
{[%clk 0:13:09]} Qc7 {[%clk 0:10:59]} 16. c3 {[%clk 0:12:56]} Rac8
{[%clk 0:10:25]} 17. f4 {[%clk 0:11:15]} Qc4 {[%clk 0:08:50]} 18. Rfc1
{[%clk 0:10:00]} Qxd5 {[%clk 0:08:37]} 19. Nf3 {[%clk 0:09:01]} Qxd2
{[%clk 0:07:53]} 20. Bxd2 {[%clk 0:09:02]} Bb5 {[%clk 0:07:29]} 21. Nd4
{[%clk 0:09:00]} Bc6 {[%clk 0:05:04]} 22. Re1 {[%clk 0:08:37]} Bh6
{[%clk 0:04:40]} 23. Nb3 {[%clk 0:08:20]} Bd5 {[%clk 0:04:29]} 24. g3
{[%clk 0:07:33]} Be6 {[%clk 0:04:32]} 25. Nd4 {[%clk 0:07:35]} Bd5
{[%clk 0:04:32]} 26. Re3 {[%clk 0:07:27]} e5 {[%clk 0:04:28]} 27. Nb3
{[%clk 0:07:02]} exf4 {[%clk 0:04:22]} 28. gxf4 {[%clk 0:06:44]} Rxe3
{[%clk 0:03:48]} 29. Bxe3 {[%clk 0:06:42]} Re8 {[%clk 0:03:50]} 30. Bd2
{[%clk 0:06:23]} Bxb3 {[%clk 0:03:51]} 31. axb3 {[%clk 0:06:27]} Re4
{[%clk 0:03:59]} 32. Rf1 {[%clk 0:06:29]} Re2 {[%clk 0:03:48]} 33. Bc1
{[%clk 0:06:31]} Re6 {[%clk 0:03:31]} 1/2-1/2

[Event "MCR druzstev mladsich zaku 2015"]
[Site "Hradec Kralove"]
[Date "2015.06.13"]
[Round "3.18"]
[White "Keprt (Kurim), Tomas"]
[Black "Zlesakova (PORG), Rebeka"]
[Result "1-0"]
[BlackElo "1100"]
[WhiteElo "1262"]
[LiveChessVersion "1.4.4"]

1. e4 c5 {[%clk 0:25:14]} 2. Nf3 {[%clk 0:25:18]} b6 {[%clk 0:25:10]} 3. Nc3
{[%clk 0:25:01]} Nc6 {[%clk 0:25:03]} 4. d4 {[%clk 0:24:25]} cxd4 5. Nxd4
{[%clk 0:24:22]} Nxd4 {[%clk 0:24:50]} 6. Qxd4 {[%clk 0:24:21]} Nf6
{[%clk 0:24:47]} 7. e5 {[%clk 0:24:13]} Nh5 {[%clk 0:24:27]} 8. Be2
{[%clk 0:23:41]} e6 {[%clk 0:21:43]} 9. Bxh5 {[%clk 0:22:12]} Bc5 10. Qf4
{[%clk 0:21:19]} Qe7 {[%clk 0:20:07]} 11. O-O O-O 12. Bd2 {[%clk 0:20:11]} d6
{[%clk 0:17:43]} 13. Qe4 {[%clk 0:17:12]} Bb7 {[%clk 0:16:47]} 14. Qf4
{[%clk 0:14:44]} dxe5 15. Qxe5 {[%clk 0:13:38]} Qf6 {[%clk 0:13:32]} 16. Qxf6
{[%clk 0:13:21]} gxf6 {[%clk 0:13:33]} 17. Rac1 {[%clk 0:13:13]} Kh8 18. Rcd1
{[%clk 0:12:03]} Rg8 {[%clk 0:11:46]} 19. Be3 {[%clk 0:12:01]} Ba6
{[%clk 0:10:40]} 20. Rfe1 {[%clk 0:11:10]} Bb4 {[%clk 0:09:03]} 21. Bxf7
{[%clk 0:10:46]} Bxc3 {[%clk 0:07:44]} 22. bxc3 {[%clk 0:10:51]} Rg7
{[%clk 0:06:54]} 23. Bxe6 {[%clk 0:10:52]} Re8 {[%clk 0:05:47]} 24. Bd4
{[%clk 0:10:53]} Rf8 {[%clk 0:04:57]} 25. Re4 {[%clk 0:09:47]} f5
{[%clk 0:03:15]} 26. Bxg7+ {[%clk 0:09:52]} Kxg7 {[%clk 0:03:19]} 27. Rf4
{[%clk 0:09:40]} Kg6 {[%clk 0:02:56]} 28. Bxf5+ {[%clk 0:09:24]} Rxf5
{[%clk 0:03:02]} 29. Rd6+ {[%clk 0:09:30]} Kg5 {[%clk 0:03:00]} 30. h4+
{[%clk 0:09:35]} Kh5 {[%clk 0:02:58]} 31. Rxf5+ {[%clk 0:09:41]} Kg4
{[%clk 0:03:05]} 32. Rdd5 {[%clk 0:09:17]} h6 {[%clk 0:02:49]} 1-0

[Event "MCR druzstev mladsich zaku 2015"]
[Site "Hradec Kralove"]
[Date "2015.06.13"]
[Round "4.1"]
[White "Mica (BSS F-M \"A\"), Marek"]
[Black "Jirousek (Polabiny \"A\"), Jan"]
[Result "1-0"]
[BlackElo "1618"]
[WhiteElo "1663"]
[LiveChessVersion "1.4.4"]

1. d4 {[%clk 0:25:17]} d5 {[%clk 0:25:19]} 2. c4 {[%clk 0:25:26]} e6
{[%clk 0:25:25]} 3. Nc3 {[%clk 0:25:34]} Nf6 {[%clk 0:25:10]} 4. Bg5
{[%clk 0:25:40]} Be7 {[%clk 0:25:17]} 5. Nf3 {[%clk 0:25:48]} O-O
{[%clk 0:25:10]} 6. e3 {[%clk 0:25:56]} dxc4 {[%clk 0:23:49]} 7. Bxc4
{[%clk 0:26:10]} b6 {[%clk 0:23:53]} 8. O-O {[%clk 0:26:15]} Bb7 {[%clk 0:24:02]}
9. Rc1 {[%clk 0:26:02]} h6 {[%clk 0:23:53]} 10. Bh4 {[%clk 0:26:02]} Nh7
{[%clk 0:23:24]} 11. Bxe7 {[%clk 0:26:01]} Qxe7 {[%clk 0:23:14]} 12. Ne5
{[%clk 0:25:53]} Nd7 {[%clk 0:22:07]} 13. Nxd7 {[%clk 0:25:58]} Qxd7
{[%clk 0:22:14]} 14. Be2 {[%clk 0:25:54]} Nf6 {[%clk 0:22:06]} 15. Bf3
{[%clk 0:25:36]} Bxf3 {[%clk 0:21:21]} 16. Qxf3 {[%clk 0:25:42]} Rac8
{[%clk 0:21:10]} 17. Rfd1 {[%clk 0:25:49]} Qe7 {[%clk 0:21:00]} 18. Qb7
{[%clk 0:25:24]} a5 {[%clk 0:20:39]} 19. b3 {[%clk 0:25:08]} Rfd8
{[%clk 0:20:14]} 20. Nb5 {[%clk 0:24:32]} Ne8 {[%clk 0:19:34]} 21. Qf3
{[%clk 0:23:36]} Nd6 {[%clk 0:19:13]} 22. Na7 {[%clk 0:23:30]} c5
{[%clk 0:16:38]} 23. Nc6 {[%clk 0:23:18]} Qd7 {[%clk 0:15:37]} 24. Nxd8
{[%clk 0:23:21]} Qxd8 {[%clk 0:15:30]} 25. dxc5 {[%clk 0:23:22]} bxc5
{[%clk 0:15:20]} 26. Qf4 {[%clk 0:23:16]} Rc6 {[%clk 0:15:11]} 27. Rd2
{[%clk 0:22:43]} Qe7 {[%clk 0:14:59]} 28. Rcd1 {[%clk 0:22:32]} e5
{[%clk 0:14:00]} 29. Qf3 {[%clk 0:22:16]} Qc7 {[%clk 0:13:20]} 30. Qd5
{[%clk 0:21:08]} Nb7 {[%clk 0:12:51]} 31. Qd7 {[%clk 0:20:05]} Qb6
{[%clk 0:10:46]} 32. Qe8+ {[%clk 0:19:36]} Kh7 {[%clk 0:10:49]} 33. Qxf7
{[%clk 0:18:48]} Rf6 {[%clk 0:09:16]} 34. Qc4 {[%clk 0:18:31]} Nd6
{[%clk 0:08:49]} 35. Qc2+ {[%clk 0:18:26]} e4 {[%clk 0:07:59]} 36. Rd5
{[%clk 0:17:57]} Re6 {[%clk 0:03:47]} 37. Rxc5 {[%clk 0:17:33]} Nb7
{[%clk 0:03:15]} 38. Rc7 {[%clk 0:16:44]} Qb4 {[%clk 0:02:20]} 39. Rc4
{[%clk 0:16:38]} Qe7 {[%clk 0:02:00]} 40. Rcd4 {[%clk 0:16:05]} Nc5
{[%clk 0:01:51]} 41. Rc4 {[%clk 0:14:53]} Nd3 {[%clk 0:01:40]} 42. Rxd3
{[%clk 0:14:19]} exd3 {[%clk 0:01:36]} 43. Qxd3+ {[%clk 0:14:27]} Rg6
{[%clk 0:01:22]} 44. Rc6 {[%clk 0:14:12]} Qg5 {[%clk 0:01:13]} 45. Qxg6+
{[%clk 0:14:14]} Qxg6 {[%clk 0:01:18]} 46. Rxg6 {[%clk 0:14:22]} Kxg6
{[%clk 0:01:27]} 47. Kf1 {[%clk 0:14:28]} Kf5 {[%clk 0:01:35]} 48. Ke2
{[%clk 0:14:36]} Ke4 {[%clk 0:01:43]} 49. f3+ {[%clk 0:14:45]} Kd5
{[%clk 0:01:52]} 50. Kd3 {[%clk 0:14:54]} Kc5 {[%clk 0:02:00]} 51. Kc3
{[%clk 0:15:02]} g6 {[%clk 0:02:04]} 52. g3 {[%clk 0:15:05]} h5 {[%clk 0:02:10]}
53. a3 {[%clk 0:14:58]} g5 {[%clk 0:02:14]} 54. b4+ {[%clk 0:15:05]} Kb5
{[%clk 0:02:16]} 55. bxa5 {[%clk 0:15:13]} Kxa5 {[%clk 0:02:25]} 56. Kd4
{[%clk 0:15:21]} Ka4 {[%clk 0:02:24]} 57. e4 {[%clk 0:15:30]} Kxa3
{[%clk 0:02:22]} 58. e5 {[%clk 0:15:39]} Kb4 {[%clk 0:02:07]} 59. e6
{[%clk 0:15:47]} Kb5 {[%clk 0:02:16]} 60. e7 {[%clk 0:15:56]} 1-0

[Event "MCR druzstev mladsich zaku 2015"]
[Site "Hradec Kralove"]
[Date "2015.06.13"]
[Round "4.2"]
[White "Jun (Polabiny \"A\"), Rudolf"]
[Black "Stalmach (BSS F-M \"A\"), Richard"]
[Result "1-0"]
[BlackElo "1659"]
[WhiteElo "1688"]
[LiveChessVersion "1.4.4"]

1. e4 {[%clk 0:25:19]} e6 {[%clk 0:25:15]} 2. d4 {[%clk 0:25:26]} d5
{[%clk 0:25:19]} 3. exd5 {[%clk 0:25:35]} exd5 {[%clk 0:25:22]} 4. Nc3
{[%clk 0:25:43]} c6 {[%clk 0:25:19]} 5. Nf3 {[%clk 0:25:49]} Bd6 {[%clk 0:25:32]}
6. Be3 {[%clk 0:26:05]} Ne7 {[%clk 0:25:26]} 7. Be2 {[%clk 0:26:00]} O-O
{[%clk 0:25:23]} 8. O-O {[%clk 0:25:42]} Bg4 {[%clk 0:25:19]} 9. h3
{[%clk 0:25:38]} Bh5 {[%clk 0:24:38]} 10. Re1 {[%clk 0:25:29]} Qc7
{[%clk 0:24:39]} 11. Qd2 {[%clk 0:25:09]} Nd7 {[%clk 0:24:25]} 12. a3
{[%clk 0:24:20]} Nf5 {[%clk 0:24:20]} 13. b4 {[%clk 0:23:13]} b5 {[%clk 0:22:43]}
14. Ng5 {[%clk 0:19:36]} Bxe2 {[%clk 0:20:41]} 15. Nxe2 {[%clk 0:19:25]} Nf6
{[%clk 0:19:42]} 16. Bf4 {[%clk 0:18:52]} h6 {[%clk 0:18:06]} 17. Bxd6
{[%clk 0:17:44]} Nxd6 {[%clk 0:18:01]} 18. Nf3 {[%clk 0:17:37]} Nc4
{[%clk 0:17:57]} 19. Qf4 {[%clk 0:17:15]} Qxf4 {[%clk 0:16:52]} 20. Nxf4
{[%clk 0:17:24]} Ne4 {[%clk 0:16:47]} 21. Nd3 {[%clk 0:17:10]} a5
{[%clk 0:16:05]} 22. Nfe5 {[%clk 0:17:07]} Ra6 {[%clk 0:13:54]} 23. Nxc4
{[%clk 0:17:07]} bxc4 {[%clk 0:13:50]} 24. Nc5 {[%clk 0:16:42]} Nxc5
{[%clk 0:13:45]} 25. bxc5 {[%clk 0:16:50]} Rb8 {[%clk 0:13:09]} 26. Rab1
{[%clk 0:16:59]} Raa8 {[%clk 0:13:01]} 27. Kf1 {[%clk 0:16:04]} Kf8
{[%clk 0:12:11]} 28. g4 {[%clk 0:15:55]} g6 {[%clk 0:11:21]} 29. f4
{[%clk 0:16:00]} g5 {[%clk 0:09:08]} 30. fxg5 {[%clk 0:15:36]} hxg5
{[%clk 0:09:17]} 31. Kf2 {[%clk 0:15:32]} Re8 {[%clk 0:08:39]} 32. Rxe8+
{[%clk 0:14:57]} Rxe8 {[%clk 0:08:44]} 33. Rb6 Re4 {[%clk 0:08:38]} 34. Rxc6
{[%clk 0:15:00]} Rxd4 {[%clk 0:08:45]} 35. Ke3 {[%clk 0:14:41]} Rd1
{[%clk 0:07:59]} 36. Rd6 {[%clk 0:14:24]} Ke7 {[%clk 0:07:03]} 37. Ra6
{[%clk 0:14:21]} d4+ {[%clk 0:07:05]} 38. Ke2 {[%clk 0:14:30]} Rc1
{[%clk 0:07:07]} 39. Kd2 {[%clk 0:14:35]} Rh1 40. Rxa5 {[%clk 0:14:15]} c3+
{[%clk 0:07:10]} 41. Kd3 {[%clk 0:14:10]} Rd1+ {[%clk 0:07:18]} 42. Kc4
{[%clk 0:14:08]} Rd2 {[%clk 0:06:52]} 43. Ra7+ {[%clk 0:13:59]} Kf6
{[%clk 0:03:24]} 44. c6 d3 {[%clk 0:03:27]} 45. c7 {[%clk 0:13:30]} dxc2
{[%clk 0:03:06]} 46. c8=Q {[%clk 0:13:36]} c1=Q {[%clk 0:03:06]} 47. Qf5+
{[%clk 0:13:36]} Kg7 {[%clk 0:03:07]} 48. Qxf7+ {[%clk 0:13:44]} Kh6
{[%clk 0:03:13]} 49. Qh7# {[%clk 0:13:52]} 1-0

[Event "MCR druzstev mladsich zaku 2015"]
[Site "Hradec Kralove"]
[Date "2015.06.13"]
[Round "4.3"]
[White "Gnojek (BSS F-M \"A\"), Petr"]
[Black "Zejdlik (Polabiny \"A\"), Erik"]
[Result "1-0"]
[BlackElo "1493"]
[WhiteElo "1605"]
[LiveChessVersion "1.4.4"]

1. d4 {[%clk 0:25:19]} d5 {[%clk 0:25:19]} 2. Nf3 {[%clk 0:25:28]} c6
{[%clk 0:25:15]} 3. c4 {[%clk 0:25:36]} e6 {[%clk 0:25:16]} 4. cxd5
{[%clk 0:25:36]} cxd5 {[%clk 0:25:07]} 5. g3 {[%clk 0:25:38]} Nf6
{[%clk 0:25:12]} 6. Bg2 {[%clk 0:25:42]} Be7 {[%clk 0:24:55]} 7. O-O
{[%clk 0:25:26]} O-O {[%clk 0:25:02]} 8. Nc3 {[%clk 0:25:29]} Nc6
{[%clk 0:25:00]} 9. Bf4 {[%clk 0:25:26]} a6 {[%clk 0:25:07]} 10. Qa4
{[%clk 0:24:54]} Qb6 {[%clk 0:24:16]} 11. Rab1 {[%clk 0:24:19]} Bd7
{[%clk 0:24:09]} 12. Qd1 {[%clk 0:24:01]} Rac8 {[%clk 0:22:35]} 13. e3
{[%clk 0:23:31]} h6 {[%clk 0:22:12]} 14. h4 {[%clk 0:22:52]} Qd8 {[%clk 0:20:20]}
15. Nh2 {[%clk 0:21:53]} Be8 {[%clk 0:16:27]} 16. g4 {[%clk 0:21:11]} Bd6
{[%clk 0:16:00]} 17. Bg3 {[%clk 0:20:35]} Bxg3 {[%clk 0:15:30]} 18. fxg3
{[%clk 0:20:34]} Nh7 {[%clk 0:15:20]} 19. Qf3 {[%clk 0:19:07]} Qe7
{[%clk 0:14:21]} 20. Rf2 {[%clk 0:18:15]} Qf6 {[%clk 0:13:01]} 21. Rbf1
{[%clk 0:17:29]} Qxf3 {[%clk 0:12:55]} 22. Nxf3 {[%clk 0:17:18]} f6
{[%clk 0:12:56]} 23. Bh3 {[%clk 0:16:39]} Bd7 {[%clk 0:13:02]} 24. g5
{[%clk 0:15:10]} hxg5 {[%clk 0:12:57]} 25. hxg5 {[%clk 0:14:45]} Rcd8
{[%clk 0:09:06]} 26. g6 {[%clk 0:14:22]} Ng5 {[%clk 0:08:59]} 27. Nxg5
{[%clk 0:14:29]} fxg5 {[%clk 0:09:08]} 28. Rxf8+ {[%clk 0:14:28]} Rxf8
{[%clk 0:09:16]} 29. Nxd5 {[%clk 0:14:21]} Rxf1+ {[%clk 0:08:16]} 30. Kxf1
{[%clk 0:14:27]} exd5 {[%clk 0:08:23]} 31. Bxd7 {[%clk 0:14:35]} Ne7
{[%clk 0:08:32]} 32. Be6+ {[%clk 0:14:33]} Kf8 {[%clk 0:08:32]} 33. Bf7
{[%clk 0:14:40]} Nf5 {[%clk 0:08:19]} 34. Kf2 {[%clk 0:14:41]} Ne7
{[%clk 0:05:54]} 35. Kf3 {[%clk 0:14:42]} b6 {[%clk 0:04:20]} 36. Kg4
{[%clk 0:14:45]} Ng8 {[%clk 0:04:12]} 37. Bxg8 {[%clk 0:14:39]} Kxg8
{[%clk 0:04:20]} 38. Kxg5 {[%clk 0:14:48]} Kf8 {[%clk 0:04:29]} 39. Kf5
{[%clk 0:14:57]} Ke7 {[%clk 0:04:38]} 40. Ke5 {[%clk 0:15:05]} b5
{[%clk 0:04:46]} 41. b4 {[%clk 0:15:08]} Kd7 {[%clk 0:04:51]} 42. Kxd5 Ke7 43.
Ke5 {[%clk 0:15:18]} Kd7 {[%clk 0:05:04]} 44. d5 a5 45. bxa5 {[%clk 0:15:34]} b4
{[%clk 0:05:22]} 46. a6 {[%clk 0:15:43]} b3 {[%clk 0:05:31]} 47. axb3
{[%clk 0:15:52]} Ke7 {[%clk 0:05:40]} 48. a7 1-0